000
00261nam a2200109Ia 4500
008
231212s1974 xx 000 0 und d
041
_a
eng
082
_a
621.38804
100
_a
Kireyev M.
245
_a
Switchgear Installation
260
_a
Mascow
_b
Mir Pub
_c
1974
999
_c
958514
_d
958514